| 000 | 00545nam a2200193Ia 4500 | ||
|---|---|---|---|
| 008 | 101110s9999 xx 000 0 und d | ||
| 041 | _aENGLISH | ||
| 082 |
_bSR6223 _a940.03 |
||
| 100 | _aHorrabin J.F. | ||
| 245 | _aAt Atlas History of Second World War V-4 Jan - July 40 | ||
| 365 | _b3.5 | ||
| 520 | _aHistory | ||
| 546 | _aENGLISH | ||
| 630 | _aAt Atlas History of Second World War V-4 Jan - July 40 | ||
| 650 | _aHistory | ||
| 655 | _aHistory | ||
| 730 | _aAt Atlas History of Second World War V-4 Jan - July 40 | ||
| 942 | _cBOOK | ||
| 999 |
_c802128 _d802125 |
||